[Event "Rated Rapid game"]
[Site "?"]
[Date "2021.06.28"]
[Round "?"]
[White "Desmond88"]
[Black "Snail08"]
[Result "0-1"]
[WhiteElo "2419"]
[BlackElo "2404"]
[PlyCount "40"]
[EventDate "2021.??.??"]
[EventType "rapid"]

1. e4 e5 2. Nf3 Nc6 3. c3 Nf6 4. d4 Nxe4 5. d5 Ne7 6. Nxe5 Ng6 7. Nxg6 hxg6 8.
Bd3 Nc5 9. Bc2 d6 10. O-O Qh4 11. h3 Bxh3 12. gxh3 Qxh3 13. Qe2+ Be7 14. f4
Qh1+ 15. Kf2 Rh2+ 16. Kg3 Rh3+ 17. Kg4 f5+ 18. Bxf5 gxf5+ 19. Kxf5 Qxd5+ 20.
Kg4 Qh5# {Normal} 0-1

[Event "Rated Blitz game"]
[Site "?"]
[Date "2021.06.28"]
[Round "?"]
[White "blitzer-shmitzer"]
[Black "MasterAliFekri"]
[Result "0-1"]
[WhiteElo "2405"]
[BlackElo "2392"]
[PlyCount "80"]
[EventDate "2021.??.??"]
[EventType "blitz"]

1. e4 e5 2. Nf3 Nc6 3. c3 Nf6 4. d4 d6 5. dxe5 dxe5 6. Qxd8+ Nxd8 7. Nxe5 Nxe4
8. Bc4 Nf6 9. Bg5 Be7 10. Nd2 O-O 11. O-O-O a6 12. Rhe1 b5 13. Bb3 Bd6 14. Bxf6
gxf6 15. Nef3 Ne6 16. Ne4 Be7 17. Nd4 Nd8 18. Bd5 Rb8 19. Ng3 Bc5 20. Nh5 b4
21. Nxf6+ Kg7 22. Ne4 Be7 23. Re3 a5 24. Rg3+ Kh8 25. Nc6 Nxc6 26. Bxc6 Rb6 27.
Bd5 Bf5 28. f4 c6 29. Bb3 f6 30. Nd6 Bg6 31. f5 Bh5 32. Rd4 bxc3 33. bxc3 a4
34. Be6 a3 35. Rh3 Bxd6 36. Rxd6 Be8 37. Rd8 Rb7 38. Re3 Re7 39. Kd2 c5 40. Bb3
Rd7+ {Time forfeit} 0-1

[Event "Rated Blitz game"]
[Site "?"]
[Date "2021.06.28"]
[Round "?"]
[White "Mountain_Hiker"]
[Black "CapeDuke"]
[Result "0-1"]
[WhiteElo "2430"]
[BlackElo "2493"]
[PlyCount "56"]
[EventDate "2021.??.??"]
[EventType "blitz"]

1. e4 e5 2. Nf3 Nc6 3. c3 Nf6 4. d4 Nxe4 5. d5 Ne7 6. Nxe5 d6 7. Nf3 Ng6 8. Bd3
Nf6 9. c4 Be7 10. O-O Bg4 11. Be3 O-O 12. Nbd2 Re8 13. h3 Bxf3 14. Nxf3 Bf8 15.
Bd4 Nf4 16. Rc1 g6 17. Rc3 Bg7 18. Re1 Rxe1+ 19. Qxe1 Qe8 20. Qxe8+ Rxe8 21.
Kf1 Ne4 22. Bxg7 Nxc3 23. Bxc3 Nxd3 24. Nd4 a6 25. b4 Ne5 26. c5 Nd3 27. c6
bxc6 28. Nxc6 Nf4 {Normal} 0-1

[Event "Rated Blitz tournament NR5qrq5s"]
[Site "?"]
[Date "2021.06.28"]
[Round "?"]
[White "walalapop"]
[Black "Thomazzzzz"]
[Result "1/2-1/2"]
[WhiteElo "2335"]
[BlackElo "2436"]
[PlyCount "56"]
[EventDate "2021.??.??"]
[EventType "blitz"]

1. e4 e5 2. Nf3 Nc6 3. c3 Nf6 4. Qc2 d5 5. exd5 Nxd5 6. Bc4 Be6 7. O-O Bd6 8.
Re1 O-O 9. d4 exd4 10. cxd4 Re8 11. Nc3 Nxc3 12. Qxc3 Bxc4 13. Rxe8+ Qxe8 14.
Qxc4 Rd8 15. Bg5 Rc8 16. Re1 Qd7 17. a3 h6 18. Bh4 Re8 19. Rxe8+ Qxe8 20. Bg3
Bxg3 21. hxg3 Qd7 22. d5 Ne7 23. Ne5 Qxd5 24. Qxc7 Qd1+ 25. Kh2 Qh5+ 26. Kg1
Qd1+ 27. Kh2 Qh5+ 28. Kg1 Qd1+ {Normal} 1/2-1/2

[Event "Rated Blitz game"]
[Site "?"]
[Date "2021.06.28"]
[Round "?"]
[White "blitzer-shmitzer"]
[Black "Rubyjunior"]
[Result "1-0"]
[WhiteElo "2399"]
[BlackElo "2424"]
[PlyCount "32"]
[EventDate "2021.??.??"]
[EventType "blitz"]

1. e4 e5 2. Nf3 Nc6 3. c3 Nf6 4. d4 d5 5. dxe5 Nxe4 6. Bb5 Bc5 7. O-O O-O 8.
Nbd2 Bg4 9. Nxe4 dxe4 10. Bxc6 bxc6 11. Qxd8 Raxd8 12. Ng5 h6 13. Nxe4 Bb6 14.
Bf4 Rfe8 15. a4 g5 16. Nf6+ Kg7 {Normal} 1-0

[Event "Rated Blitz game"]
[Site "?"]
[Date "2021.06.28"]
[Round "?"]
[White "FedericoGonzalez"]
[Black "iceebear"]
[Result "1/2-1/2"]
[WhiteElo "2454"]
[BlackElo "2283"]
[PlyCount "61"]
[EventDate "2021.??.??"]
[EventType "blitz"]

1. e4 e5 2. Nf3 Nc6 3. c3 Nf6 4. d4 d5 5. Nxe5 Nxe4 6. Bb5 Qh4 7. O-O Bd6 8. g3
Qh3 9. Nxc6 Bd7 10. Nd2 bxc6 11. Nxe4 dxe4 12. Ba4 O-O 13. f4 Bg4 14. Qc2 Bf3
15. Be3 g5 16. Qf2 Kh8 17. fxg5 f6 18. Bxc6 Rae8 19. Bxe8 Rxe8 20. gxf6 Rf8 21.
d5 Kg8 22. Bd4 Kf7 23. Rae1 Rg8 24. Qxf3 Bxg3 25. Qxg3 Rxg3+ 26. hxg3 Qxg3+ 27.
Kh1 Qh3+ 28. Kg1 Qg3+ 29. Kh1 Qh3+ 30. Kg1 Qg3+ 31. Kh1 {Normal} 1/2-1/2

[Event "Rated Blitz tournament zQgDNPRJ"]
[Site "?"]
[Date "2021.06.28"]
[Round "?"]
[White "Fight-chess"]
[Black "Sofiya11"]
[Result "0-1"]
[WhiteElo "2540"]
[BlackElo "2381"]
[PlyCount "62"]
[EventDate "2021.??.??"]
[EventType "blitz"]

1. e4 e5 2. Nf3 Nc6 3. c3 Bc5 4. d4 exd4 5. cxd4 Bb6 6. Nc3 Nge7 7. h3 d5 8. e5
O-O 9. Bb5 h6 10. O-O f6 11. Bf4 Ng6 12. Bg3 fxe5 13. Bxc6 bxc6 14. Nxe5 Nxe5
15. Bxe5 Qg5 16. Kh2 Qg6 17. Rc1 Bf5 18. Ne2 Rae8 19. Ng3 Bd7 20. Rc3 Re6 21.
Kg1 Rfe8 22. Re1 Kh7 23. Nf1 R6e7 24. Rg3 Qf5 25. Ne3 Qf8 26. Qh5 c5 27. Nxd5
cxd4 28. Nxe7 Rxe7 29. Rf3 Qe8 30. Re4 Qxh5 31. Rg3 Qxe5 {Normal} 0-1

[Event "Rated Blitz game"]
[Site "?"]
[Date "2021.06.28"]
[Round "?"]
[White "puzzle_boi"]
[Black "zim0ne"]
[Result "0-1"]
[WhiteElo "2369"]
[BlackElo "2477"]
[PlyCount "50"]
[EventDate "2021.??.??"]
[EventType "blitz"]

1. e4 e5 2. Nf3 Nc6 3. c3 f5 4. d4 exd4 5. exf5 dxc3 6. Nxc3 Nf6 7. Bc4 d5 8.
Nxd5 Bxf5 9. Nxf6+ Qxf6 10. O-O Bd6 11. Bg5 Qg6 12. Re1+ Kd7 13. Bb5 Rae8 14.
Qd2 Kc8 15. Bxc6 bxc6 16. Qa5 Kb7 17. Be3 a6 18. Nh4 Re5 19. Qxe5 Bxe5 20. Nxg6
hxg6 21. a3 Bxh2+ 22. Kf1 Bd3+ 23. Re2 Be5 24. f4 Rh1+ 25. Bg1 Bd4 {Normal} 0-1

[Event "Rated Blitz game"]
[Site "?"]
[Date "2021.06.28"]
[Round "?"]
[White "PrettyLightPrincess"]
[Black "JoseNahum000"]
[Result "1-0"]
[WhiteElo "2417"]
[BlackElo "2355"]
[PlyCount "23"]
[EventDate "2021.??.??"]
[EventType "blitz"]

1. e4 e5 2. Nf3 Nc6 3. c3 Nf6 4. d4 exd4 5. e5 Ne4 6. cxd4 d5 7. Bd3 Bb4+ 8.
Bd2 Nxd2 9. Nbxd2 Bg4 10. Qb3 Bxd2+ 11. Nxd2 Nxd4 12. Qa4+ {Normal} 1-0

[Event "Rated Blitz game"]
[Site "?"]
[Date "2021.06.28"]
[Round "?"]
[White "Laga1979"]
[Black "GypsyDanger"]
[Result "0-1"]
[WhiteElo "2260"]
[BlackElo "2411"]
[PlyCount "36"]
[EventDate "2021.??.??"]
[EventType "blitz"]

1. e4 e5 2. Nf3 Nc6 3. c3 Nf6 4. d4 Nxe4 5. d5 Bc5 6. dxc6 Bxf2+ 7. Ke2 Bb6 8.
Qd5 Nf2 9. Qxe5+ Kf8 10. Be3 Ng4 11. Bc5+ d6 12. cxb7 Bxb7 13. Bxd6+ cxd6 14.
Qg5 Qxg5 15. Nxg5 h6 16. Nf3 Re8+ 17. Kd3 Nf2+ 18. Kc2 Nxh1 {Normal} 0-1

[Event "Rated Blitz game"]
[Site "?"]
[Date "2021.06.27"]
[Round "?"]
[White "blitzer-shmitzer"]
[Black "blerimi"]
[Result "1/2-1/2"]
[WhiteElo "2400"]
[BlackElo "2338"]
[PlyCount "111"]
[EventDate "2021.??.??"]
[EventType "blitz"]

1. e4 e5 2. Nf3 Nc6 3. c3 Bc5 4. d4 exd4 5. cxd4 Bb6 6. d5 Nb8 7. Nc3 d6 8. Na4
Qe7 9. Bd3 Nf6 10. O-O O-O 11. Nxb6 axb6 12. Bg5 Nbd7 13. Re1 h6 14. Bh4 g5 15.
Bg3 Nc5 16. Bc2 Bg4 17. h3 Bh5 18. e5 dxe5 19. Bxe5 Qd8 20. b4 Ncd7 21. Bb2 Re8
22. Qd4 Bxf3 23. gxf3 Rxe1+ 24. Rxe1 Rxa2 25. Bb1 Rxb2 26. Qxb2 Nxd5 27. Rd1 c6
28. Be4 Qf6 29. Qxf6 N7xf6 30. b5 Kf8 31. Rc1 Nf4 32. bxc6 bxc6 33. Rxc6 Nxe4
34. fxe4 Nxh3+ 35. Kh2 Nf4 36. Rxh6 Nd3 37. f3 b5 38. Rd6 Ne5 39. Kg3 b4 40.
Rb6 Nd3 41. Rd6 Ne5 42. Rd4 b3 43. Rb4 f6 44. Rxb3 Kg7 45. f4 gxf4+ 46. Kxf4
Kg6 47. Rg3+ Kf7 48. Kf5 Nc4 49. Rc3 Nd6+ 50. Kf4 Ke6 51. Rc6 Ke7 52. Ra6 Ke6
53. Rb6 Ke7 54. Ra6 Ke6 55. Rc6 Ke7 56. Ra6 {Normal} 1/2-1/2

[Event "Rated Blitz tournament ldgMnhNi"]
[Site "?"]
[Date "2021.06.27"]
[Round "?"]
[White "Zayats71"]
[Black "kadirtoren1313"]
[Result "1/2-1/2"]
[WhiteElo "2707"]
[BlackElo "2474"]
[PlyCount "132"]
[EventDate "2021.??.??"]
[EventType "blitz"]

1. e4 e5 2. Nf3 Nc6 3. c3 Nf6 4. d4 Nxe4 5. d5 Ne7 6. Nxe5 d6 7. Qa4+ c6 8.
dxc6 bxc6 9. Qxe4 dxe5 10. Qxe5 Be6 11. Be2 Ng6 12. Qe4 Qc7 13. Bf3 Ne5 14. Bf4
Nxf3+ 15. Qxf3 Qb6 16. O-O Be7 17. Be3 Qb7 18. Nd2 O-O 19. b4 Bf6 20. Rac1 Bxa2
21. Ne4 Be5 22. Nc5 Qc7 23. g3 Bd5 24. Qg4 f5 25. Qh4 f4 26. Bd4 Rf6 27. Bxe5
Qxe5 28. Nd7 Qe4 29. Nxf6+ gxf6 30. f3 Qe3+ 31. Kg2 Qd2+ 32. Kh3 Be6+ 33. g4 h5
34. Qxh5 Kg7 35. Rcd1 Qc2 36. Rc1 Qb2 37. Rb1 Qa2 38. Ra1 Qb2 39. Qh4 a6 40.
Qf2 Rh8+ 41. Kg2 Qxc3 42. Rxa6 Qe5 43. Rxc6 Bf7 44. Re1 Qg5 45. Rc5 Qg6 46. h4
Ra8 47. Qd2 Ra2 48. Qxa2 Bxa2 49. Re7+ Kf8 50. Ra7 Bf7 51. Rc8+ Kg7 52. Rcc7
Qd3 53. Rxf7+ Kg8 54. Rg7+ Kf8 55. Rge7 Qd2+ 56. Kh3 Qd1 57. Rf7+ Kg8 58. Rg7+
Kf8 59. Rgf7+ Kg8 60. Rg7+ Kf8 61. Raf7+ Ke8 62. Re7+ Kf8 63. Rgf7+ Kg8 64.
Rg7+ Kf8 65. Kg2 Qd2+ 66. Kh3 Qd1 {Normal} 1/2-1/2

[Event "Rated Blitz game"]
[Site "?"]
[Date "2021.06.27"]
[Round "?"]
[White "s_sugiarto"]
[Black "Sarhane87"]
[Result "1-0"]
[WhiteElo "2418"]
[BlackElo "2355"]
[PlyCount "141"]
[EventDate "2021.??.??"]
[EventType "blitz"]

1. e4 e5 2. Nf3 Nc6 3. c3 Bc5 4. d4 exd4 5. cxd4 Bb6 6. Bc4 d6 7. h3 Nf6 8. Nc3
h6 9. O-O O-O 10. Be3 Re8 11. Qc2 Qe7 12. Nd5 Nxd5 13. Bxd5 Nb4 14. Qb3 Nxd5
15. exd5 Qf6 16. a4 a6 17. a5 Ba7 18. Rac1 Bxh3 19. Rxc7 Bg4 20. Nh2 Be2 21.
Re1 Bb5 22. Rxb7 Bxd4 23. Rc7 Rab8 24. Ng4 Qg6 25. Qd1 Bxb2 26. Qf3 Re4 27. Nh2
Rh4 28. Bd2 Be5 29. g3 Rd4 30. Be3 Rd3 31. Ng4 Bd4 32. Qf4 Bxe3 33. Nxe3 Re8
34. Rec1 Re4 35. Qf5 Rdxe3 36. Rc8+ Re8 37. Qxg6 fxg6 38. fxe3 Kf7 39. Rxe8
Kxe8 40. Rc7 Kf8 41. Kf2 g5 42. e4 g6 43. Ke3 h5 44. Rh7 Kg8 45. Ra7 h4 46.
gxh4 gxh4 47. Kf4 h3 48. Kg3 Bf1 49. Rd7 g5 50. Rxd6 Kg7 51. Re6 g4 52. d6 Kf7
53. Rh6 Bb5 54. Kxg4 Bd7+ 55. Kf4 h2 56. Rxh2 Ke6 57. Rh6+ Kf7 58. e5 Be6 59.
Rxe6 Kxe6 60. Ke4 Kd7 61. Kd5 Ke8 62. e6 Kf8 63. Kc6 Kg7 64. Kb6 Kg6 65. Kxa6
Kg5 66. d7 Kf6 67. d8=Q+ Kxe6 68. Kb6 Ke5 69. a6 Ke4 70. a7 Ke3 71. a8=Q {
Time forfeit} 1-0

[Event "Rated Blitz game"]
[Site "?"]
[Date "2021.06.27"]
[Round "?"]
[White "Joeben_Jones_Balitos"]
[Black "Guliev_Gasan"]
[Result "0-1"]
[WhiteElo "2230"]
[BlackElo "2427"]
[PlyCount "70"]
[EventDate "2021.??.??"]
[EventType "blitz"]

1. e4 e5 2. Nf3 Nc6 3. c3 Nf6 4. d4 d5 5. exd5 Qxd5 6. Be2 exd4 7. cxd4 Bg4 8.
Nc3 Bb4 9. O-O Bxc3 10. bxc3 O-O-O 11. Bf4 Ne4 12. c4 Qf5 13. Be3 Nc3 14. Qd3
Nxe2+ 15. Qxe2 Bxf3 16. Qxf3 Qxf3 17. gxf3 Nxd4 18. Kg2 c5 19. Rab1 b6 20. a4
Nc6 21. Rfe1 Rhe8 22. Bf4 Na5 23. Rec1 Rd4 24. Re1 Rxe1 25. Rxe1 Rxf4 26. Re8+
Kd7 27. Ra8 Nxc4 28. Rxa7+ Kc6 29. Kg3 Rf6 30. f4 Na5 31. h4 c4 32. Ra8 Kc5 33.
Kf3 c3 34. Ke3 Rd6 35. Rc8+ Nc6 {Normal} 0-1

[Event "Rated Rapid game"]
[Site "?"]
[Date "2021.06.27"]
[Round "?"]
[White "Carlos-A-Zambrano"]
[Black "zagros20211"]
[Result "0-1"]
[WhiteElo "2263"]
[BlackElo "2466"]
[PlyCount "98"]
[EventDate "2021.??.??"]
[EventType "rapid"]

1. e4 e5 2. Nf3 Nc6 3. c3 Nf6 4. Qc2 d6 5. d4 exd4 6. cxd4 Bg4 7. Be3 Qe7 8.
Nbd2 Bxf3 9. gxf3 Qd7 10. a3 Be7 11. h4 h5 12. O-O-O a6 13. Kb1 O-O 14. Rc1
Rac8 15. Be2 g6 16. Bf1 Qd8 17. Bh3 Nd7 18. f4 Kh7 19. e5 f6 20. d5 Ncb8 21.
Bxd7 Qxd7 22. e6 Qb5 23. f5 Qxd5 24. fxg6+ Kg7 25. Rhg1 Rh8 26. Qe4 Qxe4+ 27.
Nxe4 Nc6 28. f4 f5 29. Nc3 Bxh4 30. Nd5 Rhe8 31. Rh1 Bf6 32. Rcg1 h4 33. Nxf6
Kxf6 34. Rxh4 Rxe6 35. Bd2 d5 36. g7 Rg8 37. Rh6+ Kf7 38. Rh5 Rf6 39. Rgg5 Rxg7
40. Rxf5 Rxf5 41. Rxf5+ Ke6 42. Rf8 Rf7 43. Re8+ Kf5 44. Kc2 Re7 45. Rh8 Ke4
46. Rh3 Nd4+ 47. Kd1 Nf3 48. Bb4 Rf7 49. Rh4 Nxh4 {Normal} 0-1

[Event "Rated Blitz game"]
[Site "?"]
[Date "2021.06.27"]
[Round "?"]
[White "l2aj"]
[Black "retardedplatypus123"]
[Result "1-0"]
[WhiteElo "2579"]
[BlackElo "2597"]
[PlyCount "75"]
[EventDate "2021.??.??"]
[EventType "blitz"]

1. e4 e5 2. Nf3 Nc6 3. c3 d5 4. Bb5 f6 5. Qe2 Nge7 6. d4 dxe4 7. Qxe4 Bf5 8.
Qe2 a6 9. Ba4 b5 10. Bb3 exd4 11. cxd4 Bg4 12. Be3 Qd6 13. O-O Na5 14. Bc2 Nc4
15. Nc3 Nxe3 16. Qxe3 Qe6 17. Qf4 Qd7 18. Rfe1 O-O-O 19. h3 Bh5 20. Rxe7 Qxe7
21. Qf5+ Kb7 22. Qxh5 Qd7 23. a4 c6 24. axb5 axb5 25. Nxb5 cxb5 26. Be4+ Kb6
27. b4 Bxb4 28. Rb1 Bd6 29. Bd3 b4 30. Nd2 Kb7 31. Nc4 Be7 32. Be4+ Kb8 33. Ra1
g6 34. Ra8+ Kc7 35. Ra7+ Kc8 36. Rxd7 gxh5 37. Nb6+ Kb8 38. Rb7# {Normal} 1-0

[Event "Rated Blitz tournament OthGd7Ni"]
[Site "?"]
[Date "2021.06.27"]
[Round "?"]
[White "Paardje-a1"]
[Black "NarcisseXXX"]
[Result "1-0"]
[WhiteElo "2448"]
[BlackElo "2258"]
[PlyCount "53"]
[EventDate "2021.??.??"]
[EventType "blitz"]

1. e4 e5 2. Nf3 Nc6 3. c3 Nf6 4. d4 exd4 5. e5 Nd5 6. cxd4 Bb4+ 7. Bd2 d6 8.
Bb5 Bd7 9. O-O Bxd2 10. Qxd2 O-O 11. exd6 cxd6 12. Nc3 Nce7 13. Bd3 Bc6 14. Ng5
h6 15. Nge4 Nb4 16. Bb1 Rc8 17. a3 Nbd5 18. Qc2 g6 19. Ba2 Nf4 20. Qd2 Ned5 21.
Nxd5 Nxd5 22. Qxh6 Qe7 23. Ng5 Nf6 24. Rfe1 Qd8 25. Qxg6+ Kh8 26. Bxf7 Be8 27.
Qh6+ {Normal} 1-0

[Event "Rated Blitz game"]
[Site "?"]
[Date "2021.06.27"]
[Round "?"]
[White "Speroguiness"]
[Black "Sciurus1"]
[Result "0-1"]
[WhiteElo "2235"]
[BlackElo "2403"]
[PlyCount "60"]
[EventDate "2021.??.??"]
[EventType "blitz"]

1. e4 e5 2. Nf3 Nc6 3. c3 d5 4. Qa4 dxe4 5. Nxe5 Bd7 6. Nxd7 Qxd7 7. Qxe4+ Be7
8. d4 Nf6 9. Qf3 O-O 10. Bd3 h6 11. O-O Rfe8 12. Bf4 Bd6 13. Nd2 Bxf4 14. Qxf4
Nd5 15. Qg3 Re7 16. Rae1 Rae8 17. Rxe7 Rxe7 18. f4 Nf6 19. h3 Qd5 20. Bc4 Qf5
21. Nf3 Ne4 22. Qh4 Kf8 23. Re1 Nf6 24. Ne5 Qc2 25. Re2 Qc1+ 26. Kh2 Nd8 27. g4
Ne6 28. Rf2 Nxf4 29. g5 hxg5 30. Qxg5 Nd3 {Time forfeit} 0-1

[Event "Rated Blitz game"]
[Site "?"]
[Date "2021.06.27"]
[Round "?"]
[White "Buzilo"]
[Black "Bierpower"]
[Result "1-0"]
[WhiteElo "2385"]
[BlackElo "2402"]
[PlyCount "61"]
[EventDate "2021.??.??"]
[EventType "blitz"]

1. e4 e5 2. Nf3 Nc6 3. c3 f5 4. d4 fxe4 5. Nxe5 Nf6 6. Bb5 Be7 7. O-O a6 8. Qb3
Rf8 9. Nxc6 bxc6 10. Be2 d5 11. Bf4 Bd6 12. Bxd6 Qxd6 13. c4 Be6 14. Nc3 Kf7
15. cxd5 cxd5 16. Na4 Rfb8 17. Qc2 Rb4 18. Rfd1 Rab8 19. b3 a5 20. Rac1 Ne8 21.
Nc5 R4b6 22. Qd2 Ra8 23. Qg5 Kg8 24. Bh5 Nf6 25. Nxe6 Qxe6 26. Rxc7 Nxh5 27.
Qxh5 e3 28. fxe3 Qxe3+ 29. Kh1 Qe4 30. Qf7+ Kh8 31. Qxg7# {Normal} 1-0

[Event "Rated Blitz game"]
[Site "?"]
[Date "2021.06.27"]
[Round "?"]
[White "CodeSlam"]
[Black "Kastorcito"]
[Result "0-1"]
[WhiteElo "2589"]
[BlackElo "2756"]
[PlyCount "66"]
[EventDate "2021.??.??"]
[EventType "blitz"]

1. e4 e5 2. Nf3 Nc6 3. c3 Nf6 4. d3 g6 5. Be2 Bg7 6. Nbd2 O-O 7. Nf1 a5 8. a4
d5 9. Qc2 h6 10. Ng3 b6 11. h3 Ba6 12. h4 h5 13. Bg5 Qd7 14. Nf1 Ng4 15. Ne3 d4
16. Nxg4 hxg4 17. Nh2 f5 18. h5 g3 19. fxg3 fxe4 20. O-O-O e3 21. h6 Bf6 22.
h7+ Kh8 23. Bxf6+ Rxf6 24. Ng4 Rff8 25. Bf3 Rae8 26. Rh6 Re6 27. Be4 Qg7 28.
Qb3 Rd6 29. Rdh1 dxc3 30. bxc3 Bxd3 31. Bxc6 Rxc6 32. Nxe3 e4 33. Nd5 Bc4 {
Normal} 0-1

[Event "Rated Blitz game"]
[Site "?"]
[Date "2021.06.27"]
[Round "?"]
[White "blitzer-shmitzer"]
[Black "minajack"]
[Result "1-0"]
[WhiteElo "2404"]
[BlackElo "2399"]
[PlyCount "49"]
[EventDate "2021.??.??"]
[EventType "blitz"]

1. e4 e5 2. Nf3 Nc6 3. c3 Nf6 4. d4 exd4 5. e5 Nd5 6. cxd4 d6 7. Bc4 Nb6 8. Bb5
dxe5 9. Nxe5 Bd7 10. Nxd7 Qxd7 11. Nc3 a6 12. Bxc6 Qxc6 13. O-O Be7 14. d5 Qf6
15. Ne4 Qe5 16. Re1 Qxd5 17. Qg4 f5 18. Qh5+ g6 19. Nf6+ Kd8 20. Nxd5 gxh5 21.
Nxe7 Re8 22. Bg5 h6 23. Rad1+ Nd7 24. Bh4 c6 25. Nd5+ {Normal} 1-0

[Event "Rated Blitz tournament WxkBRQxa"]
[Site "?"]
[Date "2021.06.27"]
[Round "?"]
[White "BariloChess"]
[Black "Pomberito"]
[Result "0-1"]
[WhiteElo "2271"]
[BlackElo "2457"]
[PlyCount "40"]
[EventDate "2021.??.??"]
[EventType "blitz"]

1. e4 e5 2. Nf3 Nc6 3. c3 Nf6 4. d4 Nxe4 5. d5 Ne7 6. c4 d6 7. Bd3 Nf6 8. Bg5
Ng6 9. O-O Be7 10. Nc3 O-O 11. Qc2 Bg4 12. Ne1 Nh5 13. Bxe7 Qxe7 14. h3 Bd7 15.
Bf5 Nhf4 16. Nf3 Bxf5 17. Qxf5 Nh4 18. Qg4 Nxf3+ 19. gxf3 f5 20. Qg3 Rf6 {
Normal} 0-1

[Event "Rated Blitz game"]
[Site "?"]
[Date "2021.06.27"]
[Round "?"]
[White "Muradore"]
[Black "Bibekthing"]
[Result "0-1"]
[WhiteElo "2510"]
[BlackElo "2497"]
[PlyCount "128"]
[EventDate "2021.??.??"]
[EventType "blitz"]

1. e4 e5 2. Nf3 Nc6 3. c3 d5 4. Qa4 f6 5. d3 Nge7 6. Be2 Be6 7. O-O Qd7 8. b4
a6 9. Qc2 g6 10. a3 Bg7 11. Bb2 O-O 12. Nbd2 f5 13. Rad1 h6 14. c4 d4 15. Rfe1
f4 16. Nb3 b6 17. h3 g5 18. Nh2 Kh8 19. Rb1 Rg8 20. Qd1 a5 21. b5 Nd8 22. a4
Nb7 23. Ba3 Bf8 24. Bg4 Ng6 25. Bxf8 Nxf8 26. Bxe6 Qxe6 27. Qh5 Nd7 28. Ng4 Kh7
29. Nd2 Qg6 30. Qxg6+ Rxg6 31. Nf3 Re8 32. Red1 Nbc5 33. Ra1 h5 34. Ngh2 g4 35.
hxg4 hxg4 36. Ne1 g3 37. Nhf3 Reg8 38. fxg3 Rxg3 39. Kf2 Kg7 40. Nh4 Kf6 41.
Nf5 R3g5 42. Nh4 Ke6 43. Nhf3 Rg4 44. Ra2 Nf6 45. Nh2 Rg3 46. Kf1 Rh8 47. Kg1
Rg6 48. Rda1 Rgh6 49. Nhf3 Rh1+ 50. Kf2 Ng4+ 51. Ke2 Ne3 52. Kd2 R1h5 53. Nc2
Rg8 54. Nce1 Rhg5 55. Nxg5+ Rxg5 56. Ke2 Nxg2 57. Nf3 Rg3 58. Kf2 Ne3 59. Rg1
Rh3 60. Ng5+ Ke7 61. Nxh3 Kf6 62. Kf3 Ke7 63. Ng5 Nxd3 64. Ne6 Kxe6 {Time
forfeit} 0-1

[Event "Rated Blitz game"]
[Site "?"]
[Date "2021.06.27"]
[Round "?"]
[White "bkara"]
[Black "Ulugbekxon"]
[Result "0-1"]
[WhiteElo "2530"]
[BlackElo "2488"]
[PlyCount "76"]
[EventDate "2021.??.??"]
[EventType "blitz"]

1. e4 e5 2. Nf3 Nc6 3. c3 d5 4. Qa4 Bd7 5. exd5 Nd4 6. Qd1 Nxf3+ 7. Qxf3 Nf6 8.
Bc4 e4 9. Qe2 Bd6 10. d4 O-O 11. Bg5 h6 12. Bh4 Re8 13. Nd2 Bf5 14. Nf1 Be7 15.
Ne3 Bg6 16. Bxf6 Bxf6 17. Bb3 Qd7 18. O-O-O a5 19. Bc4 a4 20. Bb5 c6 21. dxc6
bxc6 22. Bc4 Reb8 23. Rd2 Qc7 24. a3 Be7 25. h4 Qb6 26. h5 Bh7 27. Ba2 Qb7 28.
Qc4 Bg5 29. d5 cxd5 30. Qxd5 Qa7 31. Rh3 Rd8 32. Qe5 Rxd2 33. Kxd2 Rd8+ 34. Kc1
Qd7 35. Bc4 Qd2+ 36. Kb1 Qxf2 37. Nd5 e3+ 38. Ka2 Qe1 {Normal} 0-1

[Event "Rated Blitz game"]
[Site "?"]
[Date "2021.06.27"]
[Round "?"]
[White "bkara"]
[Black "Antholich"]
[Result "0-1"]
[WhiteElo "2533"]
[BlackElo "2474"]
[PlyCount "120"]
[EventDate "2021.??.??"]
[EventType "blitz"]

1. e4 e5 2. Nf3 Nc6 3. c3 d5 4. Qa4 Qd6 5. Bb5 Bd7 6. exd5 Qxd5 7. O-O Nf6 8.
Re1 Be7 9. d4 exd4 10. cxd4 O-O 11. Nc3 Qf5 12. Qd1 Rfe8 13. d5 Nb4 14. Nd4 Qg6
15. Bxd7 Nxd7 16. a3 Na6 17. Be3 Rad8 18. Qf3 Nac5 19. Nf5 Bf8 20. Rad1 Ne5 21.
Qh3 a6 22. Bd4 Ned3 23. Rxe8 Rxe8 24. b4 Nb3 25. Qxd3 Nxd4 26. Qxd4 Qxf5 27. h3
g6 28. Qc4 Qd7 29. Ne4 Bg7 30. Nc5 Qc8 31. Rc1 Re7 32. Nd3 Qd8 33. Rd1 h5 34.
Nc5 Qc8 35. Qh4 Re8 36. Qg5 b6 37. Nd3 Qd8 38. Qxd8 Rxd8 39. Nf4 Be5 40. Ne2
Re8 41. Kf1 Kg7 42. f4 Bd6 43. Kf2 Re4 44. Kf3 Rc4 45. Rc1 Rxc1 46. Nxc1 Kf6
47. Nd3 Ke7 48. Ke4 f6 49. g4 hxg4 50. hxg4 Kd7 51. f5 g5 52. Kd4 c6 53. Nf2 a5
54. bxa5 Bc5+ 55. Kc4 cxd5+ 56. Kxd5 Bxf2 57. a6 b5 58. Ke4 Kc6 59. Kd3 Kb6 60.
Ke4 Kxa6 {Normal} 0-1

[Event "Rated Blitz game"]
[Site "?"]
[Date "2021.06.27"]
[Round "?"]
[White "mandarria"]
[Black "DanielPerchman"]
[Result "0-1"]
[WhiteElo "2408"]
[BlackElo "2455"]
[PlyCount "52"]
[EventDate "2021.??.??"]
[EventType "blitz"]

1. e4 e5 2. Nf3 Nc6 3. c3 d5 4. Qa4 dxe4 5. Nxe5 Bd7 6. Nxd7 Qxd7 7. Qxe4+ Be7
8. Bb5 Nf6 9. Bxc6 bxc6 10. Qf3 O-O 11. O-O Bd6 12. d4 c5 13. dxc5 Bxc5 14. Nd2
Rfe8 15. Nc4 Qb5 16. b3 Ne4 17. Bf4 Re6 18. Rad1 Rae8 19. Bg3 Nxg3 20. hxg3 Rf6
21. Qg4 h5 22. Qd7 Qxd7 23. Rxd7 Re2 24. Rxc7 Bxf2+ 25. Kh1 Bxg3 26. Rd1 Bxc7 {
Normal} 0-1

[Event "Rated Blitz game"]
[Site "?"]
[Date "2021.06.27"]
[Round "?"]
[White "Serg_34"]
[Black "ramses85"]
[Result "0-1"]
[WhiteElo "2351"]
[BlackElo "2418"]
[PlyCount "40"]
[EventDate "2021.??.??"]
[EventType "blitz"]

1. e4 e5 2. Nf3 Nc6 3. c3 g6 4. d4 exd4 5. cxd4 d5 6. Nc3 Nge7 7. Bg5 dxe4 8.
Nxe4 Bg7 9. Nf6+ Kf8 10. d5 Nb4 11. Qb3 Nbxd5 12. O-O-O c6 13. Nxd5 cxd5 14.
Bxe7+ Qxe7 15. Qxd5 Be6 16. Qd6 Rc8+ 17. Kb1 Bf5+ 18. Bd3 Qxd6 19. Bxf5 Qxd1+
20. Rxd1 gxf5 {Normal} 0-1

[Event "Lobanov Memorial Blitz"]
[Site "Sochi RUS"]
[Date "2021.06.26"]
[Round "4.8"]
[White "Esipenko, Aleksandr"]
[Black "Kurchenko, Egor"]
[Result "1-0"]
[WhiteElo "2075"]
[BlackElo "2068"]
[PlyCount "53"]
[EventDate "2021.06.26"]
[EventType "blitz"]
[SourceTitle "The Week in Chess 1390"]
[Source "Mark Crowther"]
[SourceDate "2021.06.28"]
[SourceVersion "2"]
[SourceVersionDate "2021.06.28"]
[SourceQuality "2"]

1. e4 e5 2. Nf3 Nc6 3. c3 Nf6 4. d4 exd4 5. e5 Nd5 6. cxd4 d6 7. Bb5 a6 8.
Bxc6+ bxc6 9. h3 Be7 10. O-O O-O 11. Nc3 Rb8 12. Nxd5 cxd5 13. Qc2 c5 14. Bf4
cxd4 15. Nxd4 Bb7 16. Nf5 dxe5 17. Bxe5 Rc8 18. Qe2 Bf6 19. Bxf6 Qxf6 20. Ne7+
Kh8 21. Nxc8 Rxc8 22. Rac1 Rd8 23. Rc7 Bc6 24. Qe7 Bb5 25. Qxf6 gxf6 26. Rd1
Kg7 27. Rd4 1-0

[Event "Rated Blitz game"]
[Site "?"]
[Date "2021.06.26"]
[Round "?"]
[White "mandarria"]
[Black "BLITZ16"]
[Result "0-1"]
[WhiteElo "2466"]
[BlackElo "2433"]
[PlyCount "36"]
[EventDate "2021.??.??"]
[EventType "blitz"]

1. e4 e5 2. Nf3 Nc6 3. c3 Nf6 4. d4 exd4 5. e5 Nd5 6. Bc4 Nb6 7. Bb3 d5 8. cxd4
Be6 9. Nc3 Be7 10. h4 h6 11. g4 Bxg4 12. Rg1 h5 13. Be3 Bxh4 14. Qe2 a6 15.
O-O-O Be7 16. Kb1 Qd7 17. Rg3 h4 18. Rgg1 Qf5+ {Normal} 0-1